000 03738cam a22012254i 4500
003 PE-LiUPU
005 20250813185434.0
008 191025s2017 ag a rb 000 0 spa d
020 _a9875385360
020 _a9789875385368
035 _a(Sirsi) a252631
040 _aPE-LiUPU
_bspa
_cPE-LiUPU
_erda
049 _aPRUA
082 0 4 _a371.2
_bB62
_220
100 1 _aBlejmar, Bernardo,
_eautor.
245 1 0 _aGestionar es hacer que las cosas suceden :
_bcompetencias, actitudes y dispositivos para diseñar instituciones /
_cBernardo Blejmar.
250 _a2° edición.
264 1 _aBuenos Aires :
_bNoveduc,
_c2017.
300 _a143 páginas :
_bilustraciones ;
_c24 centímetros
336 _atext
_2rdacontent
337 _aunmediated
_2rdamedia
338 _avolume
_2rdacarrier
504 _aBibliografía: páginas 141-143.
505 0 _aLa gestión como palabra -- El poder de la palabra. Palabra vacía. Palabra plena -- Tiempo, espacio y tareas en el aprestamiento institucional -- Desequilibrios y paradojas en la conducción educativa. De lo posible a los nuevos posibles -- Climas, estados de ánimo y emociones en la escena organizacional -- Tensiones estructurales de la organización educativa -- Conduciendo la conducción. La influencia en 360° -- Construyendo la estrategia organizacional. Inventando el futuro -- El lugar no lugar de los padres en la gestión escolar -- Conflicto, negociación y facilitación -- Devolución de desempeño al equipo docente. La evaluación tan temida (y necesitada) -- Puntuaciones necesarias para una supervisión eficaz. Acerca del rol del supervisor escolar -- La gestión como construcción de futuros. Acerca del sentido y la visión.
526 _aP202
526 _aP201
526 _aP163
526 _aP162
526 _aP161
526 _aP160
526 _aP148
526 _aP147
526 _aP146
526 _aP145
526 _aP144
526 _aP143
526 _aP142
526 _aP141
526 _aP140
526 _aP139
526 _aP138
526 _aP137
526 _aP136
526 _aP135
526 _aP134
526 _aP133
526 _aP129
526 _aP128
526 _aP127
526 _aP120
526 _aP119
526 _aP118
526 _aP116
526 _aP115
526 _aP114
526 _aP110
526 _aP109
526 _aP108
526 _aP104
526 _aP103
526 _aP102
526 _aP99
526 _aP98
526 _aP97
526 _aP96
526 _aP95
526 _aP93
526 _aP90
526 _aP89
526 _aP88
526 _aP83
526 _aP82
526 _aP62
526 _aP59
526 _aP58
526 _aP57
526 _aP51
526 _aP49
526 _aP48
526 _aP47
526 _aP29
526 _aP24
526 _aP20
526 _aP19
526 _aP17
526 _aP15
526 _aP14
526 _aP12
526 _aP10
526 _aP09
526 _aP08
526 _aP07
526 _aP06
526 _aP05
526 _aP04
526 _aP01
541 _g002-00001663;
650 0 7 _aAdministración escolar.
_2lemb.
650 0 4 _aOrganización de la escuela.
910 _adbm
_bncf
_cncf
_d20191025
942 _2ddc
_cBOOK
994 _aC0
_bPEPRU
596 _a1
999 _a371.2 B62
_wDEWEY
_c31863
_i80802
_f2021-11-8
_g3
_lCCODEBUL1
_mBUL
_p18.82
_r0
_sY
_tBOOK
_u2019-10-25
_xEDUCACION
_PP57
_0COMPRA
_1FCOMPR4
_o.STAFF. Colección Ciencias Humanas y Educación
_d31863
980 _81
_gALBERTO SANCHEZ Responsable de Automatización